Movies Quiz

Random Movies or Actor Quiz

Jane Fonda or Lily Tomlin Quiz Stats

 Plays Quiz not verified by Sporcle

Popular Quizzes Today

  1. More Quizzes
Score 0/24 Timer 05:00
0 Plays Today
Question Answer Wrong Answers
On Golden Pond ???
89.6%
???
5.3%
Barbarella ???
88.1%
???
6.4%
Klute ???
85.7%
???
9.5%
The Beverly Hillbillies ???
85.4%
???
9.9%
The China Syndrome ???
85.3%
???
9.7%
Monster-in-Law ???
85.3%
???
9.7%
Barefoot in the Park ???
83.8%
???
10.9%
Coming Home ???
82.8%
???
12.3%
Julia ???
79.8%
???
15.5%
I Heart Huckabees ???
75.9%
???
20.4%
Agnes of God ???
73.6%
???
21%
A Prairie Home Companion ???
72%
???
22.4%
All of Me ???
71.3%
???
23.3%
Big Business ???
70.6%
???
24.5%
The Morning After ???
70.4%
???
24.9%
The Late Show ???
70%
???
25.4%
Nashville ???
69.3%
???
25.4%
California Suite ???
67.1%
???
27.8%
Grandma ???
62.8%
???
32.9%
Flirting with Disaster ???
61.4%
???
33.8%
The Player ???
60.8%
???
34.1%
Orange County ???
58.9%
???
36%
Tea with Mussolini ???
57%
???
37.7%
Youth ???
52.4%
???
43.1%
Remove Ads.
Support Sporcle.
Get the best of Sporcle when you Go Orange. This ad-free experience offers more features, more stats, and more fun while also helping to support Sporcle. Thank you for becoming a member.

You're not logged in!

Compare scores with friends on all Sporcle quizzes.
OR
Log In

Sporcle TV

Today on Sporcle TV


Watch our educational content, quiz creation guides, and fun videos on Sporcle TV.

Show Comments

Extras

Top Quizzes Today


Score Distribution

Paid Content

Your Account Isn't Verified!

In order to create a playlist on Sporcle, you need to verify the email address you used during registration. Go to your Sporcle Settings to finish the process.

Report this User

Report this user for behavior that violates our Community Guidelines.

Details: